LIBRARY & INFORMATION CENTRE, KCAET, TAVANUR

ONLINE PUBLIC ACCESS CATALOGUE (OPAC)

Vasthra nirmana vidya / (Record no. 5019)

MARC details
000 -LEADER
fixed length control field 00391cam a2200169ua 4500
041 ## - LANGUAGE CODE
Language code of text/sound track or separate title mal
082 ## - DEWEY DECIMAL CLASSIFICATION NUMBER
Classification number 746
Item number CHA/VA
100 ## - MAIN ENTRY--AUTHOR NAME
Personal name Chathu, P V.
245 ## - TITLE STATEMENT
Title Vasthra nirmana vidya /
260 ## - PUBLICATION, DISTRIBUTION, ETC. (IMPRINT)
Place of publication Calicut :
Name of publisher P.K Brothers ,
Year of publication 1963.
300 ## - PHYSICAL DESCRIPTION
Number of Pages 227 ; .
942 ## - ADDED ENTRY ELEMENTS (KOHA)
Koha item type Books
Holdings
Withdrawn status Lost status Damaged status Home library Current library Date acquired Full call number Accession Number Koha item type
Withdrawn     KAUAET KAUAET 07/04/2012 746 9315 Books
free website counter